LIBRARY & INFORMATION CENTRE, KCAET, TAVANUR

ONLINE PUBLIC ACCESS CATALOGUE (OPAC)

Elementary engineering mechanics / (Record no. 8813)

MARC details
000 -LEADER
fixed length control field 00383cam a2200157ua 4500
041 ## - LANGUAGE CODE
Language code of text/sound track or separate title eng
082 ## - DEWEY DECIMAL CLASSIFICATION NUMBER
Classification number 620.1
Item number THI/EL
100 ## - MAIN ENTRY--AUTHOR NAME
Personal name Thirlwell, J B .
245 ## - TITLE STATEMENT
Title Elementary engineering mechanics /
250 ## - EDITION STATEMENT
Edition statement 1 /
260 ## - PUBLICATION, DISTRIBUTION, ETC. (IMPRINT)
Place of publication London :
Name of publisher McDonald ,
Year of publication 1955.
300 ## - PHYSICAL DESCRIPTION
Number of Pages 126 ; .
942 ## - ADDED ENTRY ELEMENTS (KOHA)
Koha item type Books
Holdings
Withdrawn status Lost status Damaged status Home library Current library Date acquired Full call number Accession Number Koha item type
Withdrawn     KAUAET KAUAET 07/04/2012 620.1 8873 Books
Withdrawn   Damaged KAUAET KAUAET 22/01/2021 620.1 THI/EL 3873 Books
free website counter